Statistics for Formula One: Drivers with Most Seasons as Teammates

Click here to take the quiz!

General Stats

  • This quiz has been taken 1,968 times
    (1,082 since last reset)
  • The average score is 21 of 28

Answer Stats

N:o of seasons as teammatesAnswerTeamsSeasons% Correct
5Lewis HamiltonMercedes2017-2021
98%
4Lewis HamiltonMercedes2013-2016
98%
4Sebastian VettelFerrari2015-2018
98%
5Sebastian VettelRed Bull2009-2013
98%
4Michael SchumacherFerrari1996-1999
97%
6Michael SchumacherFerrari2000-2005
97%
4Ralf SchumacherWilliams2001-2004
96%
4Nico RosbergMercedes2013-2016
95%
4Kevin MagnussenHaas2017-2020
92%
5Mark WebberRed Bull2009-2013
92%
4Kimi RäikkönenFerrari2015-2018
91%
4Fernando AlonsoFerrari2010-2013
90%
5Valtteri BottasMercedes2017-2021
90%
4Jenson ButtonHonda, Brawn2006-2009
89%
4Romain GrosjeanHaas2017-2020
85%
4Felipe MassaFerrari2010-2013
84%
6Mika HäkkinenMcLaren1996-2001
82%
4Rubens BarrichelloHonda, Brawn2006-2009
81%
6Rubens BarrichelloFerrari2000-2005
81%
6David CoulthardMcLaren1996-2001
66%
4Eddie IrvineFerrari1996-1999
57%
4Juan Pablo MontoyaWilliams2001-2004
47%
5Gerhard BergerFerrari, Benetton1993-1997
40%
5Jean AlesiFerrari, Benetton1993-1997
40%
4Nigel MansellLotus1981-1984
40%
4Elio de AngelisLotus1981-1984
17%
4Ivan CapelliMarch, Leyton House1988-1991
11%
4Mauricio GugelminMarch, Leyton House1988-1991
9%

Score Distribution

Percentile by Number Answered

Percent of People with Each Score

Your Score History

You have not taken this quiz since the last reset